Bài tập xác suất thống kê

Sách trình bày tóm tắt lý thuyết, một số bài giải mẫu và các bài luyện tập về xác suất thống kê: sự kiện ngẫu nhiên và luật phân phối xác suất, biến ngẫu nhiên nhiều chiều, mẫu thống kê và ước lượng tham số, kiểm định giả thu...

Descrición completa

Gardado en:
Detalles Bibliográficos
Autor Principal: Lê, Khánh Luận
Formato: Libro
Idioma:Undetermined
Publicado: Hà Nội Thống kê 2009
Những chủ đề:
Các nhãn: Engadir etiqueta
Sen Etiquetas, Sexa o primeiro en etiquetar este rexistro!
Thư viện lưu trữ: Trung tâm Học liệu Trường Đại học Cần Thơ
LEADER 01301nam a2200217Ia 4500
001 CTU_140201
008 210402s9999 xx 000 0 und d
020 |c 46500 
082 |a 519.2076 
082 |b L502 
100 |a Lê, Khánh Luận 
245 0 |a Bài tập xác suất thống kê 
245 0 |c Lê Khánh Luận, Nguyễn Thanh Sơn, Phạm Trí Cao biên soạn 
260 |a Hà Nội 
260 |b Thống kê 
260 |c 2009 
520 |a Sách trình bày tóm tắt lý thuyết, một số bài giải mẫu và các bài luyện tập về xác suất thống kê: sự kiện ngẫu nhiên và luật phân phối xác suất, biến ngẫu nhiên nhiều chiều, mẫu thống kê và ước lượng tham số, kiểm định giả thuyết thống kê, hồi quy...và có hướng dẫn sử dụng máy tính tay để giải các bài toán thống kê. 
650 |a Probabilities,Statistics,Xác suất,Thống kê 
650 |x Problems, exercises, etc.,Problems, exercises, etc.,Bài tập và bài giải,Bài tập và bài giải 
904 |i Trọng Hải 
980 |a Trung tâm Học liệu Trường Đại học Cần Thơ